Paroles - Assassins des templiers - Norman - Statistiques

Statistiques générales
  • Ce quiz a été pris 269 fois
  • Le résultat moyen est 354 sur 566
Statistiques - réponses
Paroles % Correct
1
97%
de
97%
ma
97%
Ma
97%
un
97%
Un
97%
À
96%
à
96%
a
96%
des
96%
le
95%
(Le
95%
te
95%
je
94%
Je
94%
peu
94%
templiers
94%
templiers)
94%
trucs
94%
une
94%
Une
94%
Les
92%
les
92%
vie
92%
vie,
92%
d'assassin
91%
J'fais
91%
J'me
91%
j'me
91%
J'mène
90%
j'mène
90%
la
90%
90%
90%
pitié
90%
sans
90%
éliminer
89%
malsains
89%
ça?)
87%
ça
87%
tu
87%
Tu
87%
dans
85%
Dans
85%
capuche
83%
capuche,
83%
sous
82%
j'suis
80%
J'suis
80%
mais
80%
moi
80%
moi,
80%
ta
80%
Lame
78%
l'âme
78%
lame
78%
caché
76%
foule,
76%
foule
76%
Quand
76%
quand
76%
que
76%
Que
76%
on
75%
pas
74%
pas)
74%
C'est
73%
c'est
73%
(C'est
73%
calvitie
72%
comme
72%
pour
72%
et
71%
Et
71%
et,
71%
d'assassins
70%
il
70%
Ouais
70%
(Ouais,
70%
Ouais,
70%
ouais
70%
sur
70%
Sur
70%
t'as
70%
cacher
69%
Manche
69%
Tout
69%
tueur
69%
as
68%
j'arpente
68%
même
68%
rues
68%
baby
67%
dirait
67%
mon
67%
t'es
67%
tes
67%
Tes
67%
voit
67%
Gérard
66%
j'enlève
66%
juste
66%
moine
65%
(ass-,
64%
ass-,
64%
assassin
64%
assassin)
64%
sais
64%
sappé
64%
dit
63%
en
63%
mesures
62%
monde
62%
pleut,
62%
par
61%
toi,
61%
toi?
61%
d'enfants
60%
j'ai
60%
j'assassine,
59%
personne
59%
quoi)
59%
quoi
59%
c'que
58%
surtout
58%
l'instituteur
57%
d'embûches
56%
Jugnot,
56%
1m85
55%
est
54%
l'anonymat
54%
semée
54%
suis
54%
ton
54%
ok)
53%
Ok
53%
confrérie
52%
fais
52%
Sauf
52%
y
52%
flingue,
51%
mec,
51%
mec
51%
temps
49%
traître,
49%
vrai
49%
mieux?
48%
ombre
48%
fond
47%
toujours
47%
peut
46%
plus
45%
discret
44%
Prince
44%
aiguisée
43%
tatouage
43%
toits,
43%
au
42%
of
42%
paille
42%
paquet
42%
Persia
42%
Seul
42%
seul,
42%
remonter
41%
va
41%
lui,
40%
déguisé
39%
pénombre
39%
saut
39%
inconnu
38%
Parmi
38%
sombre
38%
tuer,
38%
canapé,
37%
grappin
37%
slip
37%
elle
36%
style
35%
chez
34%
qui
34%
Si
34%
trop
34%
connais
33%
fonds
33%
kick,
33%
kick
33%
uppercut,
33%
avec
32%
contre
32%
jugulaire
32%
vêtements
32%
high
31%
oriental?
31%
T'en
31%
20
30%
cette
30%
Chui
30%
coller
30%
mouillée
30%
pompiers
30%
n'a
29%
pense
29%
tous,
29%
cathédrales
28%
Coup
28%
part
28%
vraie
28%
Yamakasi
28%
drap,
27%
escalader
27%
Ils
27%
Quel
27%
suicider
27%
bas
26%
bats
26%
héros
26%
ont
26%
Dexter
25%
Dexter,
25%
l'animus
25%
middle
25%
tendu
25%
voir
25%
branché
24%
Esquive,
24%
esquive,
24%
fort)
24%
frapper,
24%
gilet
24%
grimper,
24%
j'atterris
24%
prends
24%
série
24%
tomahawk
24%
veux
24%
balle
23%
déjà
23%
peux
23%
rien
23%
acrobaties,
22%
améri-
22%
aussi
22%
badant
22%
circulaire,
22%
faire
22%
médite
22%
Parade,
22%
regretter
22%
vivant,
22%
Après
21%
(Bon
21%
d'pied
21%
d'l'ange,
20%
là-dedans,
20%
Parce
20%
sein
20%
couteaux
19%
d'accord,
19%
d'accord?)
19%
J'grimpe
19%
m'permettre,
19%
(n'importe
19%
sang,
19%
abbayes
18%
arrête
18%
longuement
18%
menée
18%
qu'en
18%
tellement
18%
t'faire
18%
trouverait
18%
Woop,
18%
woop
18%
bails
17%
immiscer
17%
qu'tu
17%
ville,
17%
abondamment
16%
boucler
16%
couler
16%
J'te
16%
J'vais
16%
rappelle
15%
j'avais
14%
choix
13%
mélancolique,
13%
parfois
13%
qu'dans
13%
Alors
12%
baybay
12%
d'un
12%
haut
12%
homme
12%
clocher
11%
J'arpante
11%
j'reste
11%
monte
11%
qu'un
11%
contemplant
10%
d'moi
10%
faits
10%
J'pense
10%
hors
9%
Malgré
9%
norme,
9%
Oops
9%
signale
6%
(ppfff
3%
Aucun quiz correspondant
Distribution des résultats
% des personnes avec chaque résultat
Percentile par nombre de réponses
Votre historique - résultats
Vous n’avez pas pris ce quiz